Normal view
MARC view
- Lunsford , Andrea A
Entry Personal Name
001 - CONTROL NUMBER
- control field: 132204
003 - CONTROL NUMBER IDENTIFIER
- control field: NUST
005 - DATE AND TIME OF LATEST TRANSACTION
- control field: 20251205112545.0
008 - FIXED-LENGTH DATA ELEMENTS
- fixed length control field: 251205|| aca||aabn | a|a d
040 ## - CATALOGING SOURCE
- Original cataloging agency: NUST
- Transcribing agency: NUST
100 ## - HEADING--PERSONAL NAME
- Personal name: Lunsford , Andrea A
670 ## - SOURCE DATA FOUND
- Source citation: Work cat.: (NUST): Lunsford , Andrea A. , The Presence of Others Readings for Critical Thinking and Writing /, 1994.
